Psicología, comunidad y cambio social. El análisis de una experiencia concreta: el hogar-escuela de Aguantafilo /
Gespeichert in:
| 1. Verfasser: | |
|---|---|
| Weitere Verfasser: | |
| Format: | Text |
| Veröffentlicht: |
San José :
|
| Schlagworte: | |
| Tags: |
Tag hinzufügen
Keine Tags, Fügen Sie den ersten Tag hinzu!
|
MARC
| LEADER | 00000 a a2200000 04500 | ||
|---|---|---|---|
| 001 | 18101 | ||
| 003 | |||
| 040 | |||
| 090 | |a 025200 | ||
| 100 | |a Madden, Lidieth | ||
| 245 | |a Psicología, comunidad y cambio social. El análisis de una experiencia concreta: el hogar-escuela de Aguantafilo / |c Lidieth Madden | ||
| 260 | |a San José : | ||
| 300 | |a 264 p. | ||
| 300 | |b **no definido** | ||
| 650 | |a PSICOLOGIA | ||
| 650 | |a NIÑOS | ||
| 650 | |a FAMILIA | ||
| 650 | |a COMUNIDADES | ||
| 650 | |a RELACIONES ESCUELA |z -COMUNIDAD | ||
| 650 | |a SOCIEDAD | ||
| 650 | |a PARTICIPACION SOCIAL | ||
| 650 | |a CAMBIO SOCIAL | ||
| 650 | |a PROBLEMAS SOCIALES | ||
| 650 | |a OPINION | ||
| 700 | |a Cordero, Olga M | ||
| 999 | |c 10011 |d 10011 | ||
